| 000 | 00799nam a2200229 a 4500 | ||
|---|---|---|---|
| 005 | 20210223130617.0 | ||
| 008 | 080918s1979 mx r 000 0 spa d | ||
| 035 | _aUPN01000159758 | ||
| 049 | _aUNE | ||
| 080 | _a372.4 =20 DAV No.12. | ||
| 100 | 1 | _aDave, P. N. | |
| 245 | 0 |
_aDeveloping relevance-based learning materials : _ba records of experiences with exemplar learning materials / _cP. N. Dave. |
|
| 260 |
_aParis : _bUNESCO; _aNew York : _bUNICEF; _aRome : _bWFP, _c1979. |
||
| 300 |
_a5 (46) p. ; _bil., fot. |
||
| 440 | 0 |
_aNotes, comments...; _v12. |
|
| 690 | _aProcesos de aprendizaje- Enseñanza primaria | ||
| 690 | _aMetodos de enseñanza- Enseñanza primaria | ||
| 710 | 2 | _aUNESCO | |
| 710 | 2 |
_aUNICEF _924085 |
|
| 710 | 2 | _aWFP Programa Mundial de Alimentación. | |
| 905 | _aUNESCO | ||
| 999 |
_c131872 _d131872 |
||